Cycles of Life.Civilization and the Biosphere. (Record no. 6994)

MARC details
000 -LEADER
fixed length control field 00521nam a22001937a 4500
003 - CONTROL NUMBER IDENTIFIER
control field OSt
005 - DATE AND TIME OF LATEST TRANSACTION
control field 20210604162626.0
008 - FIXED-LENGTH DATA ELEMENTS--GENERAL INFORMATION
fixed length control field 210604b ||||| |||| 00| 0 eng d
020 ## - INTERNATIONAL STANDARD BOOK NUMBER
International Standard Book Number 0716760398
040 ## - CATALOGING SOURCE
Transcribing agency DDC
082 ## - DEWEY DECIMAL CLASSIFICATION NUMBER
Classification number 574.5 SMI 2001.
100 ## - MAIN ENTRY--PERSONAL NAME
Personal name Smil,Vaclav;
9 (RLIN) 14348
245 ## - TITLE STATEMENT
Title Cycles of Life.Civilization and the Biosphere.
260 ## - PUBLICATION, DISTRIBUTION, ETC. (IMPRINT)
Place of publication, distribution, etc. New York.
Name of publisher, distributor, etc. Scientific American Library.
Date of publication, distribution, etc. 2001
300 ## - PHYSICAL DESCRIPTION
Extent x,221p;
Other physical details ill;
Dimensions 23cm.
504 ## - BIBLIOGRAPHY, ETC. NOTE
Bibliography, etc includes index.
650 ## - SUBJECT ADDED ENTRY--TOPICAL TERM
Topical term or geographic name as entry element Biology.
9 (RLIN) 5602
942 ## - ADDED ENTRY ELEMENTS (KOHA)
Source of classification or shelving scheme Dewey Decimal Classification
Koha item type Newspaper
Holdings
Withdrawn status Lost status Source of classification or shelving scheme Damaged status Not for loan Home library Current library Date acquired Source of acquisition Inventory number Total Checkouts Full call number Barcode Date last seen Price effective from Koha item type
    Dewey Decimal Classification     MUST Main Library MUST Main Library 04/06/2021 Purchase 04/21693   574.5 SMI 2001. 2021-0662 04/06/2021 04/06/2021 Open Shelf
    Dewey Decimal Classification     MUST Main Library MUST Main Library 04/06/2021 Purchase 04/21694   574.5 SMI 2001. 2021-0663 04/06/2021 04/06/2021 Open Shelf
    Dewey Decimal Classification     MUST Main Library MUST Main Library 04/06/2021 Purchase 04/21692   574.5 SMI 2001. 2021-0664 04/06/2021 04/06/2021 Open Shelf